| 000 | 00597nam a22002057a 4500 | ||
|---|---|---|---|
| 008 | 240702b mp ||||| |||| 00| 0 mon d | ||
| 035 | _a24865 | ||
| 040 |
_aZA2481090 _bmon _cMN-UlNLM _dMN-UlNLM _erda |
||
| 041 | _amon | ||
| 042 | _a54953 | ||
| 084 |
_2NNA _a84/4шв/-44 _bЛ-59 |
||
| 100 | _aЛиндгрен А. | ||
| 245 | 0 | _aДээрэмчний охин Рони | |
| 264 |
_aулаанбаатар _bБолор судар _c2014 |
||
| 300 | _a267х. | ||
| 336 |
_2rdacontent _atext _btxt |
||
| 337 |
_2rdamedia _aunmediated _bn |
||
| 338 |
_2rdacarrier _avolume _bnc |
||
| 942 |
_2NNA _cBK |
||
| 999 |
_c1092781 _d1092838 |
||